000 01207nam a2200325 i 4500
003 DO-SdBNP
005 20230720100933.0
007 ta
008 230720b2002 dr ||||| |||| 00| 0 spa d
020 _a999342532X
040 _aDO-SdBNP
_bspa
_cBNPHU
_erda
082 4 _222
100 _aQuiñones Rosado, Rhina,
_eautor
_983804
245 1 0 _aRegulación de las organizaciones de la sociedad civil :
_blegislación y propuestas /
_cRhina Quiñones Rosado ; edición, Guadalupe Valdez ; corrección de estilo, Sulamita Puig
264 1 _aSanto Domingo :
_bINTEC
_bBID,
_c2002.
300 _a111 páginas ;
_c28 cm.
336 _2rdacontent
_atexto
_btxt
337 _2rdamedia
_asin mediación
_bn
338 _2rdacarrier
_avolumen
_bnc
490 _aSociedad civil
490 _aDocumentos de trabajo
_v8
500 _aTemática. Legislación y sociedad civil en la República Dominicana.
500 _aPrograma de fortalecimiento de organizaciones de la sociedad civil
504 _aBibliografía : p. 38-41
590 _aInventariado, 2023/BT
700 1 _aValdez, Guadalupe,
_eedición
_914014
700 1 _aFernández, Antonio,
_ecorrección
_922068
910 _aBtavárez
942 _2ddc
_cLBS1
999 _c54216
_d54216